FIRST AMONG EQUALS (Record no. 2010)
[ view plain ]
| 000 -LEADER | |
|---|---|
| fixed length control field | 00678nam a22001457a 4500 |
| 020 ## - INTERNATIONAL STANDARD BOOK NUMBER | |
| ISBN | 0-340-35266-3 |
| 082 ## - DEWEY DECIMAL CLASSIFICATION NUMBER | |
| Classification number | 823 |
| Item number | ARC/F |
| 100 ## - MAIN ENTRY--AUTHOR NAME | |
| Personal name | ARCHER, JEFFREY |
| 245 ## - TITLE STATEMENT | |
| Title | FIRST AMONG EQUALS |
| 260 ## - PUBLICATION, DISTRIBUTION, ETC. (IMPRINT) | |
| Place of publication | UNITED KINGDOM |
| Name of publisher | HODDER AND STOUGHTON |
| 300 ## - PHYSICAL DESCRIPTION | |
| Number of Pages | 446 |
| 520 ## - SUMMARY, ETC. | |
| Summary, etc | In the 1960s, four ambitious new MPs take their seats at Westminster. Over three decades they share the turbulent passions and upheavals of the race for power with their wives and families, men and women caught up in a dramatic game for the highest stakes of all. But only one man can gain the ultimate goal – the office of Prime Minister . . . |
| 650 ## - SUBJECT ADDED ENTRY--TOPICAL TERM | |
| Topical Term | ENGLISH NOVEL |
| Geographic subdivision | UNITED KINGDOM |
| 942 ## - ADDED ENTRY ELEMENTS (KOHA) | |
| Koha item type | Books |
| Withdrawn status | Lost status | Collection code | Home library | Current library | Shelving location | Date acquired | Source of acquisition | Full call number | Accession Number | Koha item type |
|---|---|---|---|---|---|---|---|---|---|---|
| Reference | Main Library | Main Library | SHELF 1 E-CURRICULAM &ENGLISH NOVELS FOR TEACHERS | 15/10/2011 | purchase | 823 ARC/F | 05609 | Books |